Štátne dlhopisy krajín V4 bakalárska práca

Salvato in:
Dettagli Bibliografici
Autore principale: Traljić, Michelle
Ente Autore: Národohospodárska fakulta EU. Katedra bankovníctva a medzinárodných financií
Altri autori: Slobodník, Patrik, 1992-
Natura: Libro
Lingua:slovacco
Pubblicazione: Bratislava 2018
Tags: Aggiungi Tag
Nessun Tag, puoi essere il primo ad aggiungerne!!

MARC

LEADER 00000nbm a2200000 4500
001 0247254
005 20181214132029.3
041 0 |a slo 
044 |a SK 
245 1 0 |a Štátne dlhopisy krajín V4  |b bakalárska práca  |c Michelle Traljić ; školiteľ: Patrik Slobodník 
264 1 |a Bratislava  |c 2018 
300 |a 35 s. 
100 1 |a Traljić, Michelle 
700 1 |a Slobodník, Patrik, 1992- 
710 2 |a Národohospodárska fakulta EU. Katedra bankovníctva a medzinárodných financií